000 00695nam a2200253 i 4500
001 000024473
003 DO-SdBNP
005 20260320105737.0
007 ta
008 110128s1983 dr 000 0 spa d
040 _aDO-SdBNP
_bspa
_cBNPHU
_erda
041 _aspa
082 _a335.5
_bS678d
_222
245 0 _aLa social democracia ayer y hoy.
264 _aSanto Domingo, :
_bEstudios y Documentación del Caribe,
_c1983.
300 _a272páginas ;
_c23 cm.
336 _ardacontent
_btexto
_2txt
337 _ardamedia
_bsin mediación
_2nc
338 _ardacarrier
_bvolumen
_2nc
590 _aInventariado, 2026/DG
650 4 _aSocialismo
_9287
910 _aDG
942 _2ddc
_cLBS1
999 _c23966
_d23966